Kraje, które uczestniczyły w I wojnie światowej - Statystyki

Ogólne statystyki
  • Ten quiz został rozwiązany 56 razy
  • Średni wynik to 26 z 70
Statystyki odpowiedzi
Przynależność Państwo % Poprawnych
Państwa Centralne Imperium Niemieckie
97%
Ententa (do 1917) Imperium Rosyjskie
82%
Ententa Imperium Francuskie
79%
Ententa Imperium Brytyjskie
76%
Państwa Centralne Imperium Osmańskie
73%
Ententa (od 1915) Imperium Włoskie
70%
Ententa Królestwo Serbii
70%
Państwa Centralne (od 1915) Carstwo Bułgarii
67%
Ententa Cesarstwo Japonii
64%
Ententa Królestwo Belgii
64%
Ententa (od 1916) Królestwo Rumunii
64%
Ententa (po części zależne) Australia
61%
Ententa (zależne) Egipt
61%
Ententa (po części zależne) Kanada
61%
Państwa Centralne (zależne do 1914) Qingdao
61%
Ententa (od 1917) Republika Chińska
61%
Ententa (od 1917) Brazylia
58%
Ententa (od 1916) Imperium Portugalskie
58%
Ententa (zależne) Indie Brytyjskie
55%
Ententa (od 1917) Królestwo Grecji
52%
Ententa (po części zależne) Nowa Zelandia
52%
Ententa (zależne) Maroko
48%
Ententa (zależne) Francuska Afryka Zachodnia
45%
Ententa (zależne) Algieria
42%
Ententa (zależne) Libia
42%
Państwa Centralne (zależne do 1916) Kamerun Niemiecki
36%
Ententa (zależne) Tunezja
36%
Ententa (zależne) Indochiny Francuskie
33%
Państwa Centralne (zależne do 1915) Niemiecka Afryka Południowo-Zachodnia
33%
Państwa Centralne (zależne) Niemiecka Afryka Wschodnia
33%
Ententa (zależne) Nigeria
33%
Ententa (zależne) Francuska Afryka Równikowa
30%
Ententa (zależne) Kongo Belgijskie
30%
Ententa Królestwo Czarnogóry
30%
Ententa (zależne) Sudan
30%
Państwa Centralne (zależne do 1914) Togoland
30%
Ententa (zależne) Złote Wybrzeże
30%
Ententa (zależne) Brytyjska Afryka Wschodnia
27%
Ententa (od 1916) Królestwo Hidżazu
27%
Ententa Liberia
27%
Ententa (zależne) Somalii Brytyjskie
27%
Ententa (zależne) Somalii Włoskie
27%
Ententa (po części zależne) Związek Południowej Afryki
27%
Ententa (zależne) Angola
24%
Ententa (zależne) Erytrea
24%
Ententa (zależne) Gwinea Portugalska
24%
Ententa (zależne) Madagaskar
24%
Ententa (zależne) Mozambik
24%
Państwa Centralne (zależne do 1914) Nowa Gwinea Niemiecka
24%
Ententa (zależne) Rodezja
24%
Ententa (od 1917) Stany Zjednoczone Ameryki
24%
Ententa (od 1917) Syjam
24%
Ententa (zależne) Basuto
21%
Ententa (zależne) Beczuana
21%
Ententa Kuba
21%
Ententa (zależne) Somalii Francuskie
21%
Ententa (zależne) Uganda
21%
Ententa (zależne) Gambia
18%
Ententa (zależne) Sierra Leone
18%
Ententa Honduras
15%
Ententa (zależne) Niasa
15%
Ententa Nikaragua
15%
Ententa Panama
15%
Ententa (zależne) Suazi
15%
Państwa Centralne Cesarstwo Austro-Węgier
12%
Ententa Gwatemala
12%
Ententa Nepal
12%
Ententa (zależne) Nowa Fundlandia
12%
Ententa Kostaryka
9%
Państwa Centralne (zależne do 1914) Samoa Niemieckie
3%
Nie znaleziono quizów pasujących do podanych kryteriów
Rozkład punktacji
Procent ludzi z każdym wynikiem
Percentyl według liczby udzielonych odpowiedzi
Twoja historia wyników
Nie rozwiązałeś tego quizu